Normal view
MARC view
Entry Topical Term
001 - CONTROL NUMBER
- control field: 60729
003 - CONTROL NUMBER IDENTIFIER
- control field:
005 - DATE AND TIME OF LATEST TRANSACTION
- control field: 20241029143521.0
008 - FIXED-LENGTH DATA ELEMENTS
- fixed length control field: 241029|| aca||aabn | a|a d
040 ## - CATALOGING SOURCE
- Original cataloging agency:
- Transcribing agency:
150 ## - HEADING--TOPICAL TERM
- Topical term or geographic name entry element: Romania
- Form subdivision: History
- General subdivision: 1944-1989
670 ## - SOURCE DATA FOUND
- Source citation: Work cat.: ()23937: POPISTEANU, Cristian aut 45215, Romanian historica itinerary, 1914-1974 /, 1974.
